000 00511nam a22001817a 4500
003 OSt
005 20251111085808.0
008 251111b |||||||| |||| 00| 0 eng d
020 _a1851790020
040 _aSEKU
_beng.
050 _aHF 5500
_b.B979 B8
245 _aFinancial training AAT study pack :
_bbusiness administration
260 _aLondon :
_bFinancial Training Courses,
_c1989.
650 _aBusiness administration
650 _aBusiness procedures
650 _aCommunication
942 _2lcc
_cGEN
999 _c18629
_d18629